SELECTED READING INTERNAL SECURITY MANAGEMENT (Record no. 4580)
[ view plain ]
| 000 -LEADER | |
|---|---|
| fixed length control field | 00428nam a22001457a 4500 |
| 008 - FIXED-LENGTH DATA ELEMENTS--GENERAL INFORMATION | |
| fixed length control field | 260304b |||||||| |||| 00| 0 eng d |
| 020 ## - INTERNATIONAL STANDARD BOOK NUMBER | |
| ISBN | 9789785195767 |
| 100 ## - MAIN ENTRY--AUTHOR | |
| Author | EHIGIATOR, SOLOMON A. |
| 245 ## - TITLE STATEMENT | |
| Title | SELECTED READING INTERNAL SECURITY MANAGEMENT |
| 260 ## - PUBLICATION, DISTRIBUTION, ETC. (IMPRINT) | |
| Place of publication | ABUJA |
| Name of publisher | LAWLORD PUBLICATIONS |
| Date of publication | 2024 |
| 650 ## - TRACINGS | |
| Main Subject | INTERNAL SECURITY NIGERIA |
| Subdivision (1st) | TERRORISM IN NIGERIA |
| 942 ## - ADDED ENTRY ELEMENTS (KOHA) | |
| Item type | Books |
| 050 ## - LIBRARY OF CONGRESS CALL NUMBER | |
| Classification number | UA861.3 |
| Item number | .E35 |
| Source of classification or shelving scheme | Not for loan | Permanent location | Current location | Accession No. | Full call number | Barcode. | Copy number | Koha item type |
|---|---|---|---|---|---|---|---|---|
| Library of Congress Classification | Samuel Ogbemudia Main Library, University of Abuja | Samuel Ogbemudia Main Library, University of Abuja | 2025/69435 & 6 | UA861.3 .E35 | 2026-0066 | 2 | Books |